All Ireland Football Champions - Statistics

General Stats
  • This quiz has been taken 30 times
  • The average score is 110 of 138
Answer Stats
Year Answer % Correct
1890 | 1911 | 1945 | +4 others Cork
94%
1993 Derry
94%
1891 | 1892 | 1894 | +28 others Dublin
94%
1949 | 1954 | 1967 | +4 others Meath
88%
1992 | 2012 Donegal
81%
1925 | 1934 | 1938 | +6 others Galway
81%
1903 | 1904 | 1909 | +36 others Kerry
81%
2002 | 2024 Armagh
75%
1960 | 1961 | 1968 | +2 others Down
75%
1936 | 1950 | 1951 Mayo
75%
2003 | 2005 | 2008 | 2021 Tyrone
75%
1893 | 1915 | 1916 | +2 others Wexford
75%
1887 | 1896 Limerick
69%
1971 | 1972 | 1982 Offaly
63%
1943 | 1944 Roscommon
63%
1933 | 1935 | 1947 | +2 others Cavan
56%
1910 | 1912 | 1957 Louth
50%
1889 | 1895 | 1900 | 1920 Tipperary
50%
1905 | 1919 | 1927 | 1928 Kildare
44%
No matching quizzes found
Score Distribution
Percent of People with Each Score
Percentile by Number Answered
Your Score History
You have not taken this quiz